| 000 | 00905nam a22002417a 4500 | ||
|---|---|---|---|
| 005 | 20240530110616.0 | ||
| 008 | 161126s2015 ua c g b 000 0 ara d | ||
| 017 |
_a2015/22995 _bمصر. دار الكتب |
||
| 020 | _a9789774103525 | ||
| 040 |
_aEG-CaGPL _cEG-CaGPL |
||
| 082 | 0 | 4 |
_221 _a371.3\ _bح أ |
| 100 | 0 | _aحسام محمد مازن . | |
| 245 | 1 | 0 |
_aادب الخيال العلمى : _bبعد غائب عن مناهجنا التعليمية / _cتاليف حسام محمد مازن . |
| 250 | _aط.1 | ||
| 260 |
_aالقاهرة : _bالمكتبة العصرية للنشر و التوزيع ، _c2015 . |
||
| 300 |
_a438 ص ؛ _c24 سم . |
||
| 504 | _aببليوجرافية : ص 431 - 437 | ||
| 650 | 0 | 7 |
_2qrmak _aالخيال العلمى . |
| 650 | 0 | 7 |
_2qrmak _aالمناهج _xتطوير . |
| 651 | _2qrmak | ||
| 942 |
_2ddc _cBK |
||
| 999 |
_c62956 _d62956 |
||